Statistics for Blue Grass Airport Destinations (Lexington, KY, USA)

Click here to take the quiz!

General Stats

  • This quiz has been taken 14 times
    (5 since last reset)
  • The average score is 14 of 16

Answer Stats

AirlineDestination% Correct
Delta Air Lines/Delta ConnectionAtlanta
100%
American Airlines/American EagleCharlotte
100%
American Eagle/United ExpressChicago (O'Hare)
100%
American Airlines/American EagleDallas/Fort Worth
100%
United ExpressDenver
100%
Delta ConnectionDetroit
100%
Allegiant AirFort Lauderdale
100%
American EagleMiami
100%
Allegiant AirOrlando/Sanford
100%
American EaglePhiladelphia
100%
Allegiant AirDestin/Fort Walton Beach
75%
Allegiant AirLas Vegas
75%
Allegiant AirPunta Gorda (FL)
75%
Allegiant AirSt. Petersburg/Clearwater
75%
Delta ConnectionWashington (National)
75%
Allegiant AirMyrtle Beach
50%

Score Distribution

Percentile by Number Answered

Percent of People with Each Score

Your Score History

You have not taken this quiz since the last reset